Statistics for Top 10 Bayern Munich Starting XI

Click here to take the quiz!

General Stats

  • This quiz has been taken 2,199 times
  • The average score is 29 of 42

Answer Stats

TeamPlayer% Correct
2012-13, 2013-14, 2014-15, 2015-16, 2016-17, 2018-19, 2019-20, 2020-21Manuel Neuer
99%
2012-13, 2013-14, 2015-16, 2016-17, 2017-18, 2018-19, 2019-20, 2020-21David Alaba
98%
2014-15, 2015-16, 2016-17, 2017-18, 2018-19, 2019-20, 2020-21Robert Lewandowski
98%
2012-13, 2013-14, 2014-15, 2015-16, 2016-17, 2017-18, 2018-19, 2019-20, 2020-21Thomas Müller
96%
2019-20, 2020-21Alphonso Davies
95%
2013-14, 2014-15, 2016-17, 2017-18Arjen Robben
95%
2012-13Franck Ribéry
94%
2017-18, 2018-19, 2019-20, 2020-21Joshua Kimmich
93%
2012-13, 2013-14, 2014-15, 2015-16, 2019-20, 2020-21Jérôme Boateng
91%
2015-16, 2018-19, 2019-20, 2020-21Kingsley Coman
91%
2015-16, 2016-17Arturo Vidal
90%
2012-13, 2013-14Mario Mandžukić
90%
2012-13, 2013-14, 2014-15, 2015-16, 2016-17Philipp Lahm
90%
2019-20, 2020-21Benjamin Pavard
89%
2016-17, 2018-19, 2019-20Thiago Alcántara
89%
2018-19, 2019-20, 2020-21Serge Gnabry
88%
2016-17, 2017-18, 2018-19Mats Hummels
87%
2018-19, 2020-21Leon Goretzka
86%
2017-18James Rodríguez
84%
2012-13, 2013-14, 2014-15Dante
83%
1998-99Oliver Kahn
83%
2014-15, 2015-16, 2016-17Xabi Alonso
81%
2012-13, 2013-14Bastian Schweinsteiger
80%
2012-13, 2016-17, 2017-18Javi Martínez
80%
2017-18, 2018-19Niklas Süle
79%
2017-18Sven Ulreich
73%
2015-16Douglas Costa
70%
2017-18Corentin Tolisso
69%
2012-13, 2013-14Toni Kroos
69%
2013-14, 2014-15, 2015-16Rafinha
68%
2014-15Juan Bernat
57%
2014-15Mario Götze
57%
1998-99Lothar Matthäus
45%
1998-99Bixente Lizarazu
41%
1998-99Giovane Élber
36%
1998-99Stefan Effenberg
27%
1998-99Carsten Jancker
17%
1998-99Mario Basler
15%
1998-99Thomas Linke
13%
1998-99Jens Jeremies
12%
1998-99Markus Babbel
10%
1998-99Thomas Strunz
6%

Score Distribution

Percentile by Number Answered

Percent of People with Each Score

Your Score History

You have not taken this quiz